| 000 | nam a22 a 4500 | ||
|---|---|---|---|
| 999 |
_c118 _d118 |
||
| 005 | 20170418154240.0 | ||
| 008 | 170418t1996 -uk||||| |||| 00| 0 eng d | ||
| 020 | _a0751303038 | ||
| 040 | _aAKMAL | ||
| 082 | _a635.9 ENC | ||
| 090 |
_a635.9 _bENC |
||
| 245 | 0 | 4 |
_aThe Royal Horticultural Society A-Z encyclopedia of garden plants / _ceditor-in-chief, Christopher Brickell. |
| 260 |
_aLondon : _bDorling Kindersley, _c1996. |
||
| 300 |
_a1080pages. : | _bcol. ill., 1 map ; _c30cm |
||
| 500 | _aIncludes index. | ||
| 650 | 0 |
_aPlants, Ornamental _xEncyclopedias. _9296 |
|
| 700 | 1 |
_aBrickell, Christopher. _9297 |
|
| 710 | 2 |
_aRoyal Horticultural Society (Great Britain) _9298 |
|
| 942 |
_2ddc _cBOOK |
||
| 950 | _lAKMAL | ||